000 00578nam a2200205 a 4500
005 20240702063803.0
008 991125s1957 mx 000 0 spa u
035 _aUPN01000045865
049 _aLT
050 4 _aLB1683 M6.2
_bO7.6
100 1 _aOrta V., Guillermo
245 1 0 _aPrácticas de entonación y solfeo /
_cGuillermo Orta V.
260 _aMéxico :
_bOlimpo,
_c1957.
300 _a45 p.
500 _a"Segunda serie"
500 _a"Para la clase de cultura musical"
650 4 _aMúsica
_xEstudio y enseñanza
_9174
650 4 _aSolfeo
_923613
905 _aLibro
999 _c45865
_d45865